000 00799nam a22002055i 4500
001 154286
003 ES-MaACL
005 20231103062534.0
008 980610s1892 fr |||| | fre d
100 1 _aGeoffroy de Grandmaison, Charles Alexandre.
_9127286
245 1 2 _aL'Ambassade française en Espagne pendant la Révolution (1789-1804) /
_cpar M. Geoffroy de Grandmaison.
260 _aParis :
_bE. Plon, Nourrit et Cie.,
_c1892.
300 _aVII, 356 p. ;
_c22 cm.
530 _aDisponible en formato digital.
651 _aFrancia-
_xRelaciones-
_zEspaña.
_9146675
651 4 _aFrancia-
_xHistoria-
_y1789-1799, Revolución
_98685
852 _aES-MaACL
_jG-4202
856 _uhttp://bdh-rd.bne.es/viewer.vm?id=0000092397&page=1
_zBiblioteca Digital Hispánica
999 _c154286
_d154286